书目信息 |
| 题名: |
矿山废弃地土壤侵蚀与植被恢复研究
|
|
| 作者: | 吕刚 , 范俊岗 , 代军 主编 | |
| 分册: | ||
| 出版信息: | 沈阳 辽宁科学技术出版社 2015.02 |
|
| 页数: | 186页 | |
| 开本: | 26cm | |
| 丛书名: | ||
| 单 册: | ||
| 中图分类: | S157 , S731.6 | |
| 科图分类: | ||
| 主题词: | 矿山--土壤侵蚀--研究 , 矿山--植被--生态恢复--研究 | |
| 电子资源: | ||
| ISBN: | 978-7-5381-8999-5 | |
| 000 | 01804cam0 2200337 450 | |
| 001 | 1026 | |
| 005 | 20180927101112.36 | |
| 010 | @a978-7-5381-8999-5@dCNY36.00 | |
| 100 | @a20150712d2015 em y0chiy50 ea | |
| 101 | 0 | @achi |
| 102 | @aCN@b210000 | |
| 105 | @aa az 000yy | |
| 200 | 1 | @a矿山废弃地土壤侵蚀与植被恢复研究@9kuang shan fei qi di tu rang qin shi yu zhi bei hui fu yan jiu@f吕刚,范俊岗,代军主编 |
| 210 | @a沈阳@c辽宁科学技术出版社@d2015.02 | |
| 215 | @a186页@c图@d26cm | |
| 312 | @a封面英文题名:Study on soil erosion and vegetation restoration of abandoned mines | |
| 314 | @a吕刚(1979-),男,沈阳农业大学土壤学在读博士,辽宁工程技术大学水土保持与荒漠化防治系主任、副教授,硕士研究生导师,中国水土保持学会工程绿化专业委员会委员。 | |
| 314 | @a范俊岗(1965-),男,硕士学位,现任辽宁省林业科学研究院副院长、教授级高级工程师等。 | |
| 314 | @a代军(1965-),女,1991年毕业于辽宁师范大学生物专业获学士学位。现为辽宁民族师范高等专科学校副高级讲师。 | |
| 320 | @a有书目(第179-186页) | |
| 330 | @a本书共分11章,绪论,主要阐述研究的目的、意义,国内外研究进展及研究区域。2-7章重点对矿山废弃地岩石风化与土壤特征研究、土壤侵蚀特征研究、土壤抗冲性研究、土壤大孔隙特征研究、土壤优先流研究、排土场边坡植被恢复规律及其环境解释。8-10章以阜新露天矿为例阐述了排土场边坡植物多样性与生产力特征及关系、边坡土壤团聚体组成和稳定性特征、边坡土壤质量评价。11章阐述了矿物肥料在矿山废弃地复垦中应用对比研究。 | |
| 510 | 1 | @aStudy on soil erosion and vegetation restoration of abandoned mines@zeng |
| 606 | 0 | @a矿山@x土壤侵蚀@x研究 |
| 606 | 0 | @a矿山@x植被@x生态恢复@x研究 |
| 690 | @aS157@v5 | |
| 690 | @aS731.6@v5 | |
| 701 | 0 | @a吕刚@9lv gang@f1979-@4主编 |
| 701 | 0 | @a范俊岗@9fan jun gang@f1965-@4主编 |
| 701 | 0 | @a代军@9dai jun@f1965-@4主编 |
| 801 | 0 | @aCN@b91MARC@c20150712 |
| 905 | @aMuseLib@dS157@e94 | |
| 矿山废弃地土壤侵蚀与植被恢复研究/吕刚,范俊岗,代军主编.-沈阳:辽宁科学技术出版社,2015.02 |
| 186页:图;26cm |
| ISBN 978-7-5381-8999-5:CNY36.00 |
| 本书共分11章,绪论,主要阐述研究的目的、意义,国内外研究进展及研究区域。2-7章重点对矿山废弃地岩石风化与土壤特征研究、土壤侵蚀特征研究、土壤抗冲性研究、土壤大孔隙特征研究、土壤优先流研究、排土场边坡植被恢复规律及其环境解释。8-10章以阜新露天矿为例阐述了排土场边坡植物多样性与生产力特征及关系、边坡土壤团聚体组成和稳定性特征、边坡土壤质量评价。11章阐述了矿物肥料在矿山废弃地复垦中应用对比研究。 |
| ● |
| 相关链接 |
|
|
|
|
正题名:矿山废弃地土壤侵蚀与植被恢复研究
索取号:S157/94
 
预约/预借
| 序号 | 登录号 | 条形码 | 馆藏地/架位号 | 状态 | 备注 |
| 1 | 1120814 | 211208147 | 第二样本阅览室/ [索取号:S157/94] | 在馆 | |
| 2 | 1120815 | 211208156 | 密集书库-生命科学系/ [索取号:S157/94] | 在馆 | |
| 3 | 1120816 | 211208165 | 第三借阅区/ [索取号:S157/94] | 在馆 | |
| 4 | 1120817 | 211208174 | 第三借阅区/ [索取号:S157/94] | 在馆 | |
| 5 | 1120818 | 211208183 | 第三借阅区/ [索取号:S157/94] | 在馆 |